Primordial Gods, The first Gods (Greek) Quiz Stats

 Plays Quiz not verified by Sporcle

Also try: The Beatitudes
Challenge
Share
Tweet
Embed
Score 0/11 Timer 10:00
0 Plays Today
Domain Name % Correct
The Nothingness from which everything cameChaos
88.3%
Time and the Zodiac Wheel, lord of the TitansKronus
87.7%
Mother EarthGaea
87.1%
The NightNyx
84%
The Darkest pit in the world, at the edge of the world, a part of the underworldTartarus
83.4%
The HeavensOuranus
80.4%
Sexual Love and BeautyEros
74.8%
DarknessErebus
62.6%
The West WindZephyr
58.3%
Daylight and the SunHemera
56.4%
LightAether
52.8%

You're not logged in!

Compare scores with friends on all Sporcle quizzes.
Join for Free
OR
Log In

You Might Also Like...

Show Comments

Extras

Created Feb 25, 2011ReportNominate
Tags:Mythology Quiz, god, Greek, titan

Top Quizzes Today


Score Distribution

Your Account Isn't Verified!

In order to create a playlist on Sporcle, you need to verify the email address you used during registration. Go to your Sporcle Settings to finish the process.

Report this User

Report this user for behavior that violates our Community Guidelines.

Details: